Multiple Choice City Quiz – Athens - Statistics

General Stats
  • This quiz has been taken 15,309 times
  • The average score is 8 of 10
Answer Stats
Question Answer % Correct
Athens is known as the birthplace of .... Democracy
98%
Which of these pictures depicts the Parthenon?
93%
Athens was the first city to ... Host the modern Olympics
81%
Who was sentenced to death in 399 BC for corrupting the youth of Athens? Socrates
80%
Which of these places is located about 40 km (25 miles) away from Athens? Marathon
79%
Of all the capitals of Europe, Athens ... Has the least average rainfall
72%
Who defeated Athens in the Peloponnesian War? Sparta
72%
What is the Acropolis of Athens? A fortified, flat-topped hill
68%
Who founded the Academy in 387 BC? Plato
58%
In what region of Greece is Athens located? Attica
54%
No matching quizzes found
Score Distribution
Percent of People with Each Score
Percentile by Number Answered
Your Score History
You have not taken this quiz